000 00623nam a22002057a 4500
003 OSt
005 20140310182832.0
008 130604t xxu||||| |||| 00| 0 eng d
020 _a9789810698683
050 _aQ 175.32
_b.H611 2008
082 _aM 500
_bC744 2008
245 _aThe concepts of integrated science
_cHewitt, Paul G.; Lyons, Suzanne; Suchoki, John; Yeh, Jennifer
260 _aSingapore :
_bPearson Education South Asia Pte Ltd.,
_cc2008.
300 _axxvi, 668 p.
_bill. ;
_c24 cm.
521 _aCollege Students
526 _c1210L-1700L
541 _j1
562 _e1
942 _2lcc
_cBK
_kM
999 _c16675
_d16675